000 01115nabaa22002177a 4500
999 _c6320
_d6320
003 OSt
005 20260130200004.0
008 190701b xxu||||| |||| 00| 0 spa d
040 _cPJ
100 _96995
_aCalvo, Eduardo J.
245 1 0 _aSociedades anónimas controladas por el Estado :
_bapuntes desde el derecho societario /
_cEduardo J. Calvo.
300 _ap. 77-107
500 _aCita: TR LALEY AR/DOC/2587/2025
505 _aSumario: I. Introducción.— II. Los principios del derecho comercial y societario. Sus orígenes.— III. El marco legal de la sociedad anónima estatal en el Cód. Civ. y Com. y la LGS.— IV. La sociedad como flujo de fondos.— V. La responsabilidad de directores y síndicos.— VI. A modo de conclusión.
505 _t¿Te interesa el texto completo? Comunicate al correo: koha@justierradelfuego.gov.ar
650 0 _9211
_aDERECHO ADMINISTRATIVO
650 0 _aSOCIEDAD ANONIMA
_91625
650 0 _aESTADO
_95541
773 0 _02842
_93251
_dBuenos Aires : AbeledoPerrot, 2012-
_oDA121
_tDerecho administrativo. Nº 162 noviembre/diciembre 2025
_z18510590
942 _2udc
_cANA